000 00278nam a2200109Ia 4500
008 171211s9999 xx 000 0 und d
245 _aFree Web Hosting
245 _cCHRIS
260 _c2015
650 _xWeb Development
856 _uhttp://down.ebook777.com/008/B00V596KH2.pdf
999 _c350108
_d350108